Estadísticas para Historia de España - B

Haz click aquí para intentar la prueba.

Estadísticas generales

  • Esta prueba ha sido intentada 51 veces
  • La puntuación promedio es 7 de 20

Estadísticas de respuestas

PistaRespuesta% Correcto
Capital de los condados catalanes durante la Alta Edad Media, popularmente conocida como "la ciudad condal"Barcelona
85%
Apellido de los monarcas españoles tras la guerra de sucesión de 1700Borbón
74%
Archipiélago conquistado por Jaime I de AragónBaleares
59%
Ciudad española fundada en el año 875 a orillas del rio GuadianaBadajoz
57%
Lugar donde el ejercito napoleónico fue derrotado por primera vezBailén
52%
Almirante guipuzcoano defensor de Cartagena de Indias conocido como "el medio hombre"Blas de Lezo
43%
(Nombre) Novelista, dramaturgo y cronista canario escritor de los episodios nacionalesBenito Pérez Galdós
41%
Apellido de la familia aragonesa que alcanzó la cima de su poder en ItaliaBorja / Borgia
35%
Termino despectivo con el cual se conoce al idioma asturleonésBable
33%
Ciudad fundada por Diego López de Haro en 1300Bilbao
33%
General que sucedió a Miguel Primo de Rivera al frente del gobierno dictatorial permitido por Alfonso XIII. Su periodo se conoce como "la dictablanda"Dámaso Berenguer
33%
Encomendero, teólogo, filósofo y fraile dominico famoso por sus escritos polémicos y llamado "el defensor de los indios"Bartolomé de las Casas
30%
Poeta y escritor postromanticista nacido en SevillaGustavo Adolfo Bécquer
30%
Apodo de la sobrina y rival de Isabel la CatólicaLa Beltraneja
30%
Batalla de la Guerra Civil celebrada en julio del 37 en los alrededores de una población madrileñaBrunete
22%
(Con apellido compuesto). Explorador Castellano que lidero la expedición que descubrió el Océano Pacifico desde el lado americanoVasco Núñez de Balboa
17%
Nombre romano de la ciudad de CalatayudBílbilis
13%
Nombre de los partidarios de la anexión de Navarra a Castilla, inspirado por el apellido del Conde de LerínBeaumonteses / Beamonteses
11%
Apellido del medico que lidero la expedición de la vacuna de la viruela en América y FilipinasFrancisco Javier Balmis
11%
Familia muladí que amaso un importante poder en la ribera del Ebro durante los siglos VII - XBanu Qasi
9%

Distribución de puntuación

Porcentaje por número respondido

Porcentaje de gente con cada puntuación

Historial de tus puntuaciones

No has intentado esta prueba.